书目信息 |
| 题名: |
高分新托福阅读120
|
|
| 作者: | 克鲁克斯 , 江璞 著 | |
| 分册: | ||
| 出版信息: | 北京 科学出版社 2007.02 |
|
| 页数: | 354页 | |
| 开本: | 24cm | |
| 丛书名: | ||
| 单 册: | ||
| 中图分类: | H319.4 | |
| 科图分类: | ||
| 主题词: | 英语--ying yu--阅读教学--高等教育--教材 | |
| 电子资源: | ||
| ISBN: | 7-03-018314-2 | |
| 000 | 00910nam0 2200253 450 | |
| 001 | 012007246920 | |
| 005 | 20071009095838.84 | |
| 010 | @a7-03-018314-2@dCNY48.00 (含光盘) | |
| 100 | @a20070726d2007 km y0chiy0120 ea | |
| 101 | 0 | @achi@aeng |
| 102 | @aCN@b110000 | |
| 105 | @ay z 000yy | |
| 200 | 1 | @a高分新托福阅读120@Agao fen xin tuo fu yue du 120@fRick Crooks, 江璞著@FRick Crooks,jiang pu zhu |
| 210 | @a北京@c科学出版社@d2007.02 | |
| 215 | @a354页@d24cm@e光盘1片 | |
| 307 | @a光盘ISBN : 7-88730-187-4 | |
| 314 | @a责任者Crooks规范汉译姓:克鲁克斯 | |
| 330 | @a本书除具有逼真的题型练习外,还附有详细的解析与重要词汇,同时作者特别为每一本书制作了兼具考试与练习功能的互动光盘。 | |
| 606 | 0 | @a英语@Aying yu@x阅读教学@x高等教育@j教材 |
| 690 | @aH319.4@v4 | |
| 701 | 1 | @a克鲁克斯@Ake lu ke si@g(Crooks, Rick)@4著 |
| 701 | 0 | @a江璞@Ajiang pu@4著 |
| 801 | 0 | @aCN@c20071009 |
| 905 | @dH319.4@eK663 | |
| 高分新托福阅读120/Rick Crooks, 江璞著.-北京:科学出版社,2007.02 |
| 354页;24cm+光盘1片 |
| ISBN 7-03-018314-2:CNY48.00 (含光盘) |
| 本书除具有逼真的题型练习外,还附有详细的解析与重要词汇,同时作者特别为每一本书制作了兼具考试与练习功能的互动光盘。 |
| ● |
| 相关链接 |
|
|
|
正题名:高分新托福阅读120
索取号:H319.4/K663
 
预约/预借
| 序号 | 登录号 | 条形码 | 馆藏地/架位号 | 状态 | 备注 |
| 1 | 250388 | 202503889 | 语言库209/209语言库 46排3列6层/ [索取号:H319.4/K663] | 在馆 | |
| 2 | 250389 | 202503898 | 语言库209/209语言库 46排3列6层/ [索取号:H319.4/K663] | 在馆 | |
| 3 | 250390 | 202503905 | 语言库209/209语言库 46排3列6层/ [索取号:H319.4/K663] | 在馆 |